00509 a2200157 4500010001400000020002300014035001300037037001800050082001100068100002200079245006000101260003800161270007400199300002800273500005000301 aENG-85225 a8185396493c500.00 aEN-68758 bD.B.Act / Pub14a363.341 aGupta, Vishwa Jit1 aNatural disasters and environmentcby Vishwa Jit Gupta aNew DelhibS. S. Publishersc2006 aIX/5572, West Seelampur, Gandhi NagarbDelhicDelhie110031k22433202 avi, 234 p.c21 cm. (Hb) aIncludes bibliographical references and index